|
|
|
|
| LEADER |
00000nam0a2200000 4500 |
| 001 |
279578 |
| 005 |
20231101235225.0 |
| 020 |
|
|
|a RU
|b 86-67305
|
| 035 |
|
|
|a (RuTPU)RU\TPU\book\302874
|
| 090 |
|
|
|a 279578
|
| 100 |
|
|
|a 20141222d1986 k a0rusy5003 ca
|
| 101 |
1 |
|
|a rus
|c eng
|
| 102 |
|
|
|a RU
|
| 105 |
|
|
|a a z 001zy
|
| 200 |
1 |
|
|a Проектирование и изготовление электронной аппаратуры
|e пер. с англ.
|f Д. Кар
|g под ред. И. М. Теплякова
|
| 205 |
|
|
|a 2-е изд., стер.
|
| 210 |
|
|
|a Москва
|c Мир
|d 1986
|
| 215 |
|
|
|a 386 с.
|c ил.
|
| 225 |
1 |
|
|a Самодеятельное техническое творчество: СТТ
|
| 320 |
|
|
|a Библиогр.: с. 5 (5 назв.)
|
| 606 |
1 |
|
|a Электронные приборы
|2 stltpush
|3 (RuTPU)RU\TPU\subj\20460
|9 45561
|
| 610 |
1 |
|
|a проектирование
|
| 610 |
1 |
|
|a производство
|
| 610 |
1 |
|
|a электронная аппаратура
|
| 610 |
1 |
|
|a изготовление
|
| 610 |
1 |
|
|a операционные усилители
|
| 610 |
1 |
|
|a интегральные схемы
|
| 610 |
1 |
|
|a транзисторы
|
| 610 |
1 |
|
|a дифференциальные усилители
|
| 610 |
1 |
|
|a схемы
|
| 610 |
1 |
|
|a датчики
|
| 610 |
1 |
|
|a цифровые схемы
|
| 610 |
1 |
|
|a оптоэлектроника
|
| 610 |
1 |
|
|a активные фильтры
|
| 610 |
1 |
|
|a питание
|
| 610 |
1 |
|
|a источники
|
| 675 |
|
|
|a 621.38
|z rus
|v 4
|
| 700 |
|
1 |
|a Кар
|b Д.
|g Джозеф
|4 070
|
| 702 |
|
1 |
|a Тепляков
|b И. М.
|4 340
|
| 801 |
|
0 |
|a RU
|b RuMRKP
|c 19950704
|g psbo
|
| 801 |
|
1 |
|a RU
|b 63413507
|c 20141222
|
| 801 |
|
2 |
|a RU
|b 63413507
|c 20170418
|g RCR
|
| 942 |
|
|
|c BK
|